| 000 | 00946cab a2200217 4500 | ||
|---|---|---|---|
| 001 | ##L135024 | ||
| 008 | 060920n2006 000 0 eng u | ||
| 035 | _a(Sirsi) u135024 | ||
| 041 | 0 | _aeng | |
| 100 | 1 | _aJames, Huw | |
| 245 | 0 | 0 | _aRural shield evolves locally |
| 260 | _c2006 | ||
| 490 | 0 |
_aPlanning (for the Natural and Built Environment) _v(1686) 15 September 2006, 16(1) |
|
| 520 | _aDiscusses a review of Local Landscape Designations (LLDs) for the Countryside Agency. The review examined the use of LLDs and local authorities' approach to landscape protection. It is hoped that the review will help to inform the formulation of advice on LLDs by Natural England. | ||
| 590 | _aIKA031006 | ||
| 650 | 2 | 4 | _aLOCAL LANDSCAPE DESIGNATIONS |
| 651 | 4 |
_aEngland _y886- |
|
| 690 | _aENVIRONMENTAL AND LAND CONSULTANCY-ENVIRONMENTAL MANAGEMENT-ENVIRONMENTAL CONSERVATION-LANDSCAPE CONSERVATION | ||
| 700 | 1 | _aOckendon, Nina | |
| 942 | _n0 | ||
| 999 |
_c77750 _d77750 |
||